000
00422nam a2200157Ia 4500
008
090124s9999 xx 000 0 und d
082
_b
14105
_a
3549
245
_a
रम्य ते बालपण
250
_a
1
260
_c
1964
300
_a
179
630
_a
रम्य ते बालपण
700
_a
किणीकर रॉय
730
_a
रम्य ते बालपण
942
_c
BOOK
999
_c
128045
_d
128045